000 00578nam a2200193Ia 4500
005 20250507130248.0
008 008 250505s9999 xx 000 0 eng d
037 _aSeries Article
040 _aEASL
_beng
_cEASL
041 _aeng
_2eng
084 _qEASL
100 _aBrodsgaard Kjeld Erik
245 0 _aPolitics and business group formation in China: The party in control
260 _aUK
_bLondon Cambridge Univesity Press UK
_c2012
300 _a624-648p.
650 _aChinese History; Politics
_9755046
942 _cSRA
999 _c1318640
_d1318640